| 000 | 00590 a2200169 4500 | ||
|---|---|---|---|
| 003 | Nust | ||
| 005 | 20170207153218.0 | ||
| 040 | _cNust | ||
| 082 | _a511 | ||
| 100 | _aKuo, Shan S. (Shan Sun), | ||
| 245 |
_aComputer applications of numerical methods . _c [by] Shan S. Kuo. |
||
| 260 |
_aReading, Mass., _b Addison-Wesley [1972] _c[1972] |
||
| 300 |
_axii, 415 p. illus _b. 25 cm. |
||
| 505 | _aCommunications with Digitals Computers (page-1).Computer-Oriented Numerical Methods (page-99).Modern Method (page-325). | ||
| 538 | _aAlmirah No. 11and Shelf No. 5 | ||
| 650 | _aComputer applications | ||
| 942 |
_2ddc _cBK |
||
| 999 |
_c181669 _d181669 |
||